000 00869nam a2200265 4500
999 _c2837
_d2837
006 a||||go||d| 00| 0
007 cr |||||||||||
008 861201s1975 enka o 001 0 eng d
020 _a9780444412980
_c(ebook)
040 _aKO
_beng
082 0 0 _a574.52636
_223
245 0 0 _aTropical marine pollution /
_cedited by E. J. Ferguson Wood and R. E. Johannes.
260 _aAmsterdam ;
_aNew York :
_bElsevier Scientific Pub. Co.,
_c1975.
300 _a1 online resource
490 0 _aElsevier oceanography series ; 12
500 _aIncludes index.
504 _aBibliography: p. [154]-181.
650 0 _aMarine pollution
_xTropics.
700 1 _aWood, E. J. Ferguson.
_eedt
700 1 _aJohannes, R. E.
_q(Robert Earle),
_d1936-
_eedt
856 4 0 _uhttps://www.sciencedirect.com/science/book/9780444412980
904 _aA_BOSE
942 _cEB